Ústavní systémy a politické strany v kapitalistických státech

Bibliographic Details
Main Author: Blahož, Josef, 1932- (Author)
Format: Book
Language:Czech
PhysicalDescription:182 s. 21 cm
Published: Praha Academia 1978
Edition:2. vyd.
Subjects:

MARC

LEADER 00000nam a2200000 a 4500
001 vtls001268370
003 SK-MaSNL
005 20260301003933.0
008 240318s1978 xr 0 000 cze
035 |a SNK000219373 
040 |a SNK  |b slo  |c SNK  |e AACR2 
041 |a cze  |b rus  |b eng 
044 |a xr  |c CZ 
080 |a 342.4  |2 2001 
080 |a 329.1/.6  |2 2001 
100 1 |a Blahož, Josef,  |d 1932-  |4 aut  |9 286032 
245 1 0 |a Ústavní systémy a politické strany v kapitalistických státech  |c Josef Blahož 
250 |a 2. vyd. 
260 |a Praha  |b Academia  |c 1978  |e Praha  |f Prometheus 
300 |a 182 s.  |c 21 cm 
504 |a Bibliogr. odkazy 
650 0 7 |a ústavné systémy  |2 SNKPH  |9 68257 
650 0 7 |a politické strany  |2 SNKPH  |9 3589 
655 7 |a štúdie  |2 SNKPH  |9 57033 
958 |a OND 
999 |c 540686  |d 542616 
952 |t P60, <04>, [BOOK], {604}  |a SNK  |b SNK  |y VYP  |7 0  |p 17A0025378  |o snkIC 72934 D1  |i snkKIP 4796/78  |0 0  |1 1  |4 0  |d 1996-11-30  |l 0  |r 2005-01-01 00:00:00  |w 2026-02-23 
952 |t P60, <04>, [BOOK], {604}  |a SNK  |b SNK  |y VYP  |7 0  |p 17A0184312  |o snkIC 72934  |i snkKIP 4795/78  |0 0  |1 0  |4 0  |d 1998-10-20  |l 0  |r 2005-01-01 00:00:00  |w 2026-02-23